Movies Quiz

Random Movies or Director Quiz

Movies Directed by Clint Eastwood Quiz Stats

 Plays Quiz Updated Feb 13, 2020

Support Sporcle.
Go Orange.
Score 0/39 Timer 07:00
0 Plays Today
Year Movie % Correct
2004Million Dollar Baby
85.5%
2008Gran Torino
82.9%
1992Unforgiven
74.9%
2018The Mule
66%
2014American Sniper
52.1%
2006Flags of Our Fathers
51.3%
2006Letters from Iwo Jima
50.4%
2003Mystic River
48.3%
2016Sully
43.7%
2019Richard Jewell
42.3%
1971Play Misty for Me
40.1%
2008Changeling
37.4%
1995The Bridges of Madison County
35.8%
1976The Outlaw Josey Wales
35%
2014Jersey Boys
34.4%
2000Space Cowboys
33.8%
2011J. Edgar
33.2%
1985Pale Rider
31.3%
1983Sudden Impact
29.6%
2002Blood Work
29.1%
Year Movie % Correct
2018The 15:17 to Paris
27.7%
2009Invictus
25.2%
1973High Plains Drifter
25.2%
1997Absolute Power
24.9%
1988Bird
23.1%
1986Heartbreak Ridge
22.3%
1993A Perfect World
21.9%
1997Midnight in the Garden of Good and Evil
19.6%
1990The Rookie
19.5%
1999True Crime
19%
1982Firefox
18.8%
1980Bronco Billy
18.8%
1977The Gauntlet
18.5%
1990White Hunter Black Heart
16.7%
2010Hereafter
15.8%
1982Honkytonk Man
14.9%
1975The Eiger Sanction
14.8%
1971The Beguiled: The Storyteller
13.8%
1973Breezy
10.1%

From the Vault

Most Common Words in 'A Brief History of Time'

by MrChewypoo

Science 17m
"If you are lucky enough to find love, remember it is there and don't throw it away." -- R.I.P. Stephen Hawking (1942 to 2018)
Remove Ads.
Support Sporcle.
Get the best of Sporcle when you Go Orange. This ad-free experience offers more features, more stats, and more fun while also helping to support Sporcle. Thank you for becoming a member.

Show Comments

Extras

Top Quizzes Today


Score Distribution

Your Account Isn't Verified!

In order to create a playlist on Sporcle, you need to verify the email address you used during registration. Go to your Sporcle Settings to finish the process.

Report this User

Report this user for behavior that violates our Community Guidelines.

Details: